Los nuevos métodos de educación física

Saved in:
書目詳細資料
主要作者: Suadeau, René (Author)
格式: 圖書
語言:西班牙语
出版: Buenos Aires Paidós 1967
版:2a. ed
叢編:Biblioteca del hombre contemporáneo, 50
主題:
標簽: 添加標簽
沒有標簽, 成為第一個標記此記錄!

MARC

LEADER 00000nam a2200000 a 4500
001 UCZ0802
003 CL-VaPUC
008 950809e19670000AG |||||||||||||||||spa|d
082 0 4 |a 372.86  |b SUA  |2 21 
100 0 |a Suadeau, René  |e author  |9 344091 
245 1 4 |a Los nuevos métodos de educación física 
250 |a 2a. ed 
300 |a 137 p 
942 |c BK 
945 |d 19950809 00:00:00  |a cmena 
260 |a Buenos Aires  |b Paidós  |c 1967 
650 0 |a Educación física  |9 240893 
650 0 |a Enseñanza  |9 256457 
650 0 |a Métodos de enseñanza  |9 270413 
650 7 |a DEPORTE  |2 CL-VaPUC  |9 344092 
650 7 |a ENTRENAMIENTO ATLETICO  |2 CL-VaPUC  |9 344093 
583 |a last modification  |c 19950809 00:00:00  |k Rodrigo Vera 
490 0 |a Biblioteca del hombre contemporáneo, 50 
999 |c 237706  |d 237704 
952 |0 0  |1 0  |4 0  |6 372_860000000000000_SUA_1967  |7 0  |8 P  |9 247327  |a BIBEDU  |b BIBEDU  |c BIBEDU_PB  |d 2019-11-18  |i 1555677  |o 372.86 SUA 1967  |p 1555677  |r 2024-01-25  |w 2019-11-18  |y BK  |k EDU